000 00775nam a2200205 a 4500
003 0
005 20250430111516.0
008 050808s19uu xx 00 eng d
050 _aPHS RS 55
_b.R53 2005
100 _aRiconalla, Lea Angela R.
245 _aFactors that influence the choice between branded and generic drugs /
_cLea Angela R. Riconalla.
260 _aLas PiƱas City, Philippines :
_bSouthville International School and Colleges,
_c2005.
300 _a24 pages :
_billustrations ;
_c28 cm.
504 _aIncludes bibliographical references.
650 _2Library of Congress Subject Headings
_aGeneric drugs
_xPublic opinion.
650 _aDrugs
_xCost effectiveness.
650 _aChoice behavior
_xHealth consumers.
942 _2lcc
_cPASS
999 _c97295
_d97295